Tipos de agua. El camino a Santiago.
Saved in:
| Main Author: | |
|---|---|
| Other Authors: | |
| Format: | Unknown |
| Published: |
Madrid, España:
Vaso Roto Ediciones,
2018.
|
| Series: | Vaso Roto Cardinales
|
| Subjects: | |
| Tags: |
Add Tag
No Tags, Be the first to tag this record!
|
MARC
| LEADER | 00000 a2200000 4500 | ||
|---|---|---|---|
| 003 | CL-VaPUC | ||
| 005 | 20230330112251.0 | ||
| 008 | 230116t2018 ||||| |||| 00| 0 eng d | ||
| 999 | |c 439903 |d 439901 | ||
| 020 | |a 978-84-948989-0-7 | ||
| 040 | |c Pontificia Universidad Católica de Valparaíso | ||
| 082 | |2 22 |a 813 CAR 2018 | ||
| 100 | |a Carson, Anne |9 583347 |e autora | ||
| 245 | |a Tipos de agua. |b El camino a Santiago. | ||
| 260 | |a Madrid, España: |b Vaso Roto Ediciones, |c 2018. | ||
| 300 | |a 102 páginas. | ||
| 490 | |a Vaso Roto Cardinales |n 16. | ||
| 583 | |k GC |c 20230116 | ||
| 650 | 0 | |9 317168 |a Literatura estadounidense |v Ensayos |z Santiago de Compostela, España | |
| 650 | 0 | |9 317168 |a Literatura estadounidense |v Diario de vida |z Santiago de Compostela, España | |
| 650 | 0 | |9 879965 |a Santiago de Compostela, España |v Ensayos | |
| 700 | |a Cantú Pérez de Salazar, Sara |e traducción |9 879872 | ||
| 942 | |2 ddc |c BK | ||
| 952 | |0 0 |1 0 |2 ddc |4 0 |6 813_000000000000000_CAR_2018 |7 0 |8 A |9 588644 |a BIBART |b BIBART |c GEN |d 2023-01-13 |e 135 |g 20900.00 |i 5656424 |l 2 |o 813 CAR 2018 |p 5656424 |r 2025-03-13 |s 2023-05-15 |t 1 |v 20900.00 |w 2023-01-13 |y BK |k ART | ||